EMBRUJAMIENTO: ESTUDIO CIENTIFICO SOBRE EL ARTE DE EMBRUJAR Y DESEMBRUJAR Y OTROS FENOMENOS PSIQUICOS /
Kaydedildi:
| Yazar: | |
|---|---|
| Materyal Türü: | Kitap |
| Konular: | |
| Etiketler: |
Etiket eklenmemiş, İlk siz ekleyin!
|
MARC
| LEADER | 00000nam^a2200000^a^4500 | ||
|---|---|---|---|
| 001 | 000228687 | ||
| 005 | 20250521000000.0 | ||
| 009 | 20260310104334.99 | ||
| 020 | |a 968-21-0259-6 | ||
| 035 | |a 048461 | ||
| 037 | |a Acervo Xavier Clavigero | ||
| 082 | |a 133. 43 |b DOC | ||
| 100 | |a Papus |e (autor) | ||
| 245 | 1 | 0 | |a EMBRUJAMIENTO: |b ESTUDIO CIENTIFICO SOBRE EL ARTE DE EMBRUJAR Y DESEMBRUJAR Y OTROS FENOMENOS PSIQUICOS / |c DOCTOR PAPUS, SEUD |
| 264 | |a MEXICO : |b ROCA, |c 1976 | ||
| 300 | |a 140p. | ||
| 336 | |a texto |b txt |2 rdacontenido | ||
| 337 | |a sin mediación |b n |2 rdamedio | ||
| 338 | |a volumen |b nc |2 rdasoporte | ||
| 649 | |a XX | ||
| 650 | |a Brujería | ||
| 650 | |a MAGIA | ||
| 650 | |a Ciencias Ocultas | ||
| 910 | |a Fondo General | ||
| 920 | |a Impresos - Libros | ||
| 930 | |a Colección General | ||
| 905 | |a 101 | ||
| 901 | |a 048461 |b IT1 |c ACC |i 048461 |u 20250521 | ||
| 902 | |a https://opac.biblio.iteso.mx/vufind/Record/000228687 | ||